Aprendizaje del dolor

Na minha lista:
Detalhes bibliográficos
Autor principal: Gadda, Carlo Emilio (Autor)
Formato: Livro
Idioma:espanhol
Publicado em: Barcelona Seix Barral 1965
Edição:1a. ed
Assuntos:
Tags: Adicionar Tag
Sem tags, seja o primeiro a adicionar uma tag!

MARC

LEADER 00000cam a2200000 a 4500
001 UCF8611
003 CL-VaPUC
008 130930e19650000sp |||||||||||||||||spa|d
082 0 4 |a 853  |b GAD  |2 21 
100 |a Gadda, Carlo Emilio  |e author  |9 570726 
245 1 0 |a Aprendizaje del dolor 
250 |a 1a. ed 
300 |a 205 p 
942 |c BK 
945 |d 20130930 13:19:00  |a dcastane 
260 |a Barcelona  |b Seix Barral  |c 1965 
650 0 |a Novela italiana  |9 265740 
650 0 |a Literatura italiana  |9 266970 
583 |a last modification  |c 20130930 13:19:00  |k Rodrigo Vera 
999 |c 353178  |d 353176 
952 |0 0  |1 0  |3 erd  |4 0  |6 853_000000000000000_GAD_1965  |7 0  |8 A  |9 458256  |a BIBEDU  |b BIBEDU  |d 2019-11-23  |i 5002567  |o 853 GAD 1965  |p 5002567  |r 2019-11-23  |w 2019-11-23  |y BK  |z Catalogado en:20130930  |k PSI